El zueco rojo /

Nacido en 1822 y muerto en 1861, el novelista francés Henri Murger es autor de la colección de relatos "Escenas de juventud", la novela "El sueco rojo", "El país latino" y "Los bebedores de agua", entre otras obras, pero su nombre es recordado especialmente por estas "Escenas de la vida bohemia", cu...

Descripció completa

Guardat en:
Dades bibliogràfiques
Autor principal: Murger, Henry (autor)
Altres autors: García Mercadal, José (traducción) (traducción)
Format: Llibre
Idioma:espanyol
Publicat: Madrid, España : Espasa-Calpe, 1972, c1922
Col·lecció:(Austral ; 1482)
Matèries:
Etiquetes: Afegir etiqueta
Sense etiquetes, Sigues el primer a etiquetar aquest registre!

MARC

LEADER 00000nam^a2200000^a^4500
001 000374955
005 20250521000000.0
009 20260526142520.24
037 |a Acervo Xavier Clavigero 
041 |a ESP 
082 |a 808.  |b AUS V. 1482 
100 |a Murger, Henry  |e (autor) 
245 1 3 |a El zueco rojo /  |c H. Murger ; tr. por J. García Mercadal. 
264 4 |a Madrid, España :  |b Espasa-Calpe,  |c 1972, c1922 
300 |a 227 p. 
336 |a texto  |b txt  |2 rdacontenido 
337 |a sin mediación  |b n  |2 rdamedio 
338 |a volumen  |b nc  |2 rdasoporte 
440 1 |a (Austral ;  |v 1482) 
500 |a Traducción de: Le sabot rouge 
520 |a Nacido en 1822 y muerto en 1861, el novelista francés Henri Murger es autor de la colección de relatos "Escenas de juventud", la novela "El sueco rojo", "El país latino" y "Los bebedores de agua", entre otras obras, pero su nombre es recordado especialmente por estas "Escenas de la vida bohemia", cuya difusión se vio favorecida años más tarde por la ópera "La Bohemia", con música de Giacomo Puccini. 
649 |a XX 
650 |a Novela Francesa 
650 |a Literatura Francesa -  |y Siglo XIX 
700 |a García Mercadal, José  |e (traducción) 
910 |a Fondo General 
920 |a Impresos - Libros 
930 |a Colección General 
940 |a Literatura 
905 |a 101 
901 |a 062464  |b IT1  |c LIT  |u 20250521 
902 |a https://opac.biblio.iteso.mx/vufind/Record/000374955